Called to Care (Record no. 17393)
[ view plain ]
| 000 -LEADER | |
|---|---|
| fixed length control field | 00534nam a22001817a 4500 |
| 008 - FIXED-LENGTH DATA ELEMENTS--GENERAL INFORMATION | |
| fixed length control field | 190123b xxu||||| |||| 00| 0 eng d |
| 020 ## - INTERNATIONAL STANDARD BOOK NUMBER | |
| International Standard Book Number | 0830827657 |
| 050 ## - LIBRARY OF CONGRESS CALL NUMBER | |
| Classification number | RT85.2 |
| Item number | .S538 2006 c.1 |
| 100 ## - MAIN ENTRY--PERSONAL NAME | |
| Personal name | Shelly, Judith Allen |
| 245 ## - TITLE STATEMENT | |
| Title | Called to Care |
| Remainder of title | a christian worldview for nursing |
| Statement of responsibility, etc. | Judith Allen Shelly |
| 250 ## - EDITION STATEMENT | |
| Edition statement | 2nd ed. |
| 260 ## - PUBLICATION, DISTRIBUTION, ETC. (IMPRINT) | |
| Place of publication, distribution, etc. | Illinois |
| Name of publisher, distributor, etc. | Intervarsity press |
| Date of publication, distribution, etc. | 2006 |
| 300 ## - PHYSICAL DESCRIPTION | |
| Extent | 304p. |
| 650 ## - SUBJECT ADDED ENTRY--TOPICAL TERM | |
| Topical term or geographic name as entry element | Nursing |
| Form subdivision | religious aspects |
| 650 ## - SUBJECT ADDED ENTRY--TOPICAL TERM | |
| Topical term or geographic name as entry element | Nursing |
| Form subdivision | philisophy |
| 650 ## - SUBJECT ADDED ENTRY--TOPICAL TERM | |
| Topical term or geographic name as entry element | Christian life |
| 942 ## - ADDED ENTRY ELEMENTS (KOHA) | |
| Source of classification or shelving scheme | Library of Congress Classification |
| Koha item type | General Collection |
| Withdrawn status | Lost status | Source of classification or shelving scheme | Not for loan | Home library | Current library | Date acquired | Total Checkouts | Full call number | Barcode | Date last seen | Price effective from | Koha item type | Date last checked out | Total Renewals |
|---|---|---|---|---|---|---|---|---|---|---|---|---|---|---|
| Library of Congress Classification | Kabarak, Main Campus | Kabarak, Main Campus | 23/01/2019 | RT85.2 .S538 2006 c.1 | 022812 | 23/01/2019 | 23/01/2019 | General Collection | ||||||
| Library of Congress Classification | Kabarak, Main Campus | Kabarak, Main Campus | 23/01/2019 | 1 | RT85.2 .S538 2006 c.2 | 022806 | 09/10/2022 | 23/01/2019 | General Collection | 23/09/2022 | ||||
| Library of Congress Classification | Kabarak, Main Campus | Kabarak, Main Campus | 23/01/2019 | RT85.2 .S538 2006 c.3 | 022810 | 23/01/2019 | 23/01/2019 | General Collection | ||||||
| Library of Congress Classification | Kabarak, Main Campus | Kabarak, Main Campus | 23/01/2019 | RT85.2 .S538 2006 c.4 | 022808 | 23/01/2019 | 23/01/2019 | General Collection | ||||||
| Library of Congress Classification | Kabarak, Main Campus | Kabarak, Main Campus | 23/01/2019 | 1 | RT85.2 .S538 2006 c.5 | 022815 | 18/10/2022 | 23/01/2019 | General Collection | 23/09/2022 | 1 |